| 000 | 00872nam a2200205 i 4500 | ||
|---|---|---|---|
| 001 | 189941 | ||
| 003 | ES-MaACL | ||
| 005 | 20230906223610.0 | ||
| 008 | 200130s2000 sp a |||| | spa d | ||
| 245 | 0 | 4 |
_aUna propuesta _b: pinturas : Broto, García Sevilla, Gordillo, Rivera, Saura, Sicilia, Tàpies : esculturas : Oteiza y Chirino : [exposición] del 18 de enero al 15 de febrero de 2000, Juan Gris, Galería de Arte. |
| 260 |
_aMadrid : _bJuan Gris, Galería de Arte, _c[2000] |
||
| 300 |
_a[24] p. : _bprincipalmente il. col. ; _c20 x 20 cm. |
||
| 650 | 4 |
_aArte abstracto- _zEspaña- _vExposiciones. _9142640 |
|
| 650 | 4 |
_aPintura española- _yS.XX- _vExposiciones. _916043 |
|
| 655 | 7 |
_2tgfbne _9193628 _aCatálogos de exposiciones |
|
| 710 | 2 |
_aGalería Juan Gris. _9171351 |
|
| 852 |
_aES-MaACL _j2129-F-42 |
||
| 942 | _2udc | ||
| 999 |
_c189941 _d189941 |
||